Mujeres de luz: la mística femenina y lo femenino en la mística
I tiakina i:
| Ngā kaituhi matua: | , , |
|---|---|
| Hōputu: | Pukapuka |
| Reo: | Pāniora |
| I whakaputaina: |
Madrid
Trotta
2001
|
| Putanga: | 1a. ed |
| Rangatū: | Colección Paradigmas. Biblioteca de las Ciencias de las Religiones
|
| Ngā marau: | |
| Ngā Tūtohu: |
Tāpirihia he Tūtohu
Kāore He Tūtohu, Me noho koe te mea tuatahi ki te tūtohu i tēnei pūkete!
|
MARC
| LEADER | 00000cam a2200000 a 4500 | ||
|---|---|---|---|
| 001 | UCD0026 | ||
| 003 | CL-VaPUC | ||
| 008 | 151112e20010000sp |||||||||||||||||spa|d | ||
| 020 | |a 8481644889 | ||
| 082 | 0 | 4 | |a 189.5 |b BEN |2 21 |
| 100 | 0 | |a Beneito, Pablo |e author |9 583022 | |
| 700 | 0 | |a Piero, Lorenzo |e author |9 583023 | |
| 700 | 0 | |a Barcenilla, Juan José |e author |9 583024 | |
| 245 | 1 | 0 | |a Mujeres de luz: la mística femenina y lo femenino en la mística |
| 250 | |a 1a. ed | ||
| 300 | |a 298 p | ||
| 942 | |c BK | ||
| 945 | |d 20151112 20:22:00 |a arojas | ||
| 260 | |a Madrid |b Trotta |c 2001 | ||
| 650 | 0 | |a Misticismo |9 265505 | |
| 650 | 0 | |a Feminismo |9 259085 | |
| 650 | 7 | |a FEMINIDAD |2 CL-VaPUC |9 505907 | |
| 650 | 0 | |a Filosofía |9 223554 | |
| 583 | |a last modification |c 20151112 20:22:00 |k Rodrigo Vera | ||
| 490 | 0 | |a Colección Paradigmas. Biblioteca de las Ciencias de las Religiones | |
| 999 | |c 361650 |d 361648 | ||
| 952 | |0 0 |1 0 |3 erb |4 0 |6 189_500000000000000_BEN_2001 |7 0 |8 A |9 472257 |a BIBEDU |b BIBEDU |i 5249465 |l 1 |o 189.5 BEN 2001 |p 5249465 |r 2025-03-12 |s 2025-03-12 |w 2019-11-24 |y BK |z Catalogado en:20151112 |k FIL | ||